| 000 | 00503nam a22001937a 4500 | ||
|---|---|---|---|
| 001 | 3822 | ||
| 003 | BD-RjUL | ||
| 005 | 20211208233804.0 | ||
| 008 | 131221s1988 ii ||||| |||| 00| 0 eng d | ||
| 035 | _a(BD-RjUL) | ||
| 040 |
_aBD-RjUL _beng _cBD-RjUL |
||
| 041 | _aeng | ||
| 082 |
_223 _a954.035092 _bMAG |
||
| 100 |
_aMammen, P M _912168 |
||
| 245 | _aGandhian utopia : its relevance and justification / | ||
| 260 |
_a India : _bMinerva, _c©1988. |
||
| 300 |
_a x, 84 p. : _b; _c22 cm |
||
| 942 |
_2ddc _cBK |
||
| 999 |
_c3822 _d3822 |
||